[Event "CZE-Cup8 fin corr"]
[Site "Czech Republic"]
[Date "2000.??.??"]
[Round "?"]
[White "Blazek, Bohumil"]
[Black "Kubikova, Hana"]
[Result "1/2-1/2"]
[WhiteElo "2140"]
[BlackElo "2280"]
[PlyCount "56"]
[EventDate "2000.??.??"]
[EventType "tourn (corr)"]
[EventRounds "13"]
[EventCountry "CZE"]
[SourceTitle "Corr 2002"]
[Source "ChessBase"]
[SourceDate "2002.05.23"]
[SourceVersion "1"]
[SourceVersionDate "2002.05.23"]
[SourceQuality "1"]

1. e4 c5 2. Nf3 Nc6 3. d4 cxd4 4. Nxd4 Nf6 5. Nc3 e5 6. Ndb5 d6 7. Bg5 a6 8. Na3 b5 9. Bxf6 gxf6 10. Nd5 Bg7 11. Bd3 Ne7 12. Nxe7 Qxe7 13. c3 f5 14. Nc2 Qb7 15. Qf3 0-0 16. Ne3 f4 17. Nd5 Be6 18. g4 b4 19. c4 Bxd5 20. exd5 e4 21. Bxe4 Bxb2 22. Rb1 Be5 23. 0-0 Rfc8 24. Rfc1 Rab8 25. Qh3 f6 26. Qd3 Rc5 27. Rb3 a5 28. Qe2 Qa7 1/2-1/2

[Event "CZE-Cup8 fin corr"]
[Site "Czech Republic"]
[Date "2000.??.??"]
[Round "?"]
[White "Kuchta, Jiri"]
[Black "Blazek, Bohumil"]
[Result "1/2-1/2"]
[WhiteElo "2180"]
[BlackElo "2140"]
[PlyCount "48"]
[EventDate "2000.??.??"]
[EventType "tourn (corr)"]
[EventRounds "13"]
[EventCountry "CZE"]
[SourceTitle "Corr 2002"]
[Source "ChessBase"]
[SourceDate "2002.05.23"]
[SourceVersion "1"]
[SourceVersionDate "2002.05.23"]
[SourceQuality "1"]

1. d4 Nf6 2. Bf4 g6 3. Nf3 Bg7 4. e3 d6 5. Be2 0-0 6. 0-0 Nbd7 7. c4 c5 8. Nc3 Nh5 9. Bg5 h6 10. Bh4 g5 11. Bg3 Nxg3 12. fxg3 Nf6 13. dxc5 dxc5 14. Qb3 Qb6 15. Rad1 Qxb3 16. axb3 Bg4 17. h3 Bh5 18. g4 Bg6 19. Bd3 Bxd3 20. Rxd3 Rfd8 21. Rfd1 Rxd3 22. Rxd3 Kf8 23. e4 Ke8 24. Nb5 Rc8 1/2-1/2

[Event "CZE-Cup8 fin corr"]
[Site "Czech Republic"]
[Date "2000.??.??"]
[Round "?"]
[White "Lukas, Petr"]
[Black "Blazek, Bohumil"]
[Result "1/2-1/2"]
[WhiteElo "2190"]
[BlackElo "2140"]
[PlyCount "39"]
[EventDate "2000.??.??"]
[EventType "tourn (corr)"]
[EventRounds "13"]
[EventCountry "CZE"]
[SourceTitle "Corr 2002"]
[Source "ChessBase"]
[SourceDate "2002.05.23"]
[SourceVersion "1"]
[SourceVersionDate "2002.05.23"]
[SourceQuality "1"]

1. e4 c5 2. Nf3 d6 3. d4 cxd4 4. Nxd4 Nf6 5. Nc3 a6 6. Bg5 e6 7. f4 Be7 8. Qf3 Qc7 9. 0-0-0 Nbd7 10. g4 h6 11. Bxf6 Nxf6 12. Bg2 Rb8 13. g5 hxg5 14. fxg5 Nd7 15. g6 Bg5+ 16. Kb1 Ne5 17. gxf7+ Qxf7 18. Qg3 Bh4 19. Qe3 Qf2 20. Qxf2 1/2-1/2